Nomes mais populares em Portugal (2021) - Statistics

Estatísticas Gerais
  • Esse quiz foi jogado 100 vezes
  • A pontuação média é 16 de 30
Estatísticas das Respostas
Nº de registos Resposta % Correto
1269 João
94%
4599 Maria
94%
539 Ana
78%
1433 Francisco
69%
630 Mariana
69%
882 Miguel
66%
841 Beatriz
61%
519 Inês
60%
1128 Tomás
56%
1132 Afonso
55%
971 Gabriel
55%
1126 Matilde
55%
906 Carolina
53%
655 Francisca
53%
1175 Duarte
51%
1157 Leonor
51%
605 Margarida
51%
798 Rodrigo
51%
586 Sofia
50%
1014 Santiago
49%
933 Martim
48%
819 Guilherme
46%
810 Lucas
45%
617 Laura
41%
1025 Alice
39%
854 Mateus
38%
524 Madalena
35%
1043 Lourenço
33%
850 Vicente
31%
884 Benedita
30%
Nenhum quiz correspondente encontrado
Distribuição das Pontuações
Porcentagem de Pessoas com Cada Pontuação
Percentil de Números Respondidos
Sua Pontuação Histórica
Você não jogou esse quiz